Lagunas de Fúquene, Cucunubá y Palacio: (Registro nro. 8072)
[ vista simple ]
| 000 -CABECERA | |
|---|---|
| Campo de control | 01214nam a2200253 a 4500 |
| 005 - FECHA Y HORA DE LA ULTIMA TRANSACCION | |
| Campo de control | 20180312151706.0 |
| 008 - ELEMENTOS DE LONGITUD FIJA—INFORMACION GENERAL | |
| Campo de control | 130430s2004 ck ab gr 001 0bspa |
| 040 ## - FUENTE DE CATALOGACIÓN | |
| Agencia catalogadora original | CO-BoBLA |
| Agencia transcriptora | CO-BoBLA |
| Agencia Modificadora | CO-BoIAVH |
| 041 0# - IDIOMA | |
| Código de idioma para texto/pista de sonido o título separado | Español |
| 044 ## - PAÍS DE PUBLICACIÓN | |
| País de publicación | Colombia |
| 082 04 - NUMERO DE CLASIFICACION DECIMAL DEWEY | |
| Número de clasificación | 333.72 |
| Número del ítem | L18f |
| 090 ## - CLASIFICACIÓN LOCAL | |
| Colección | FG- |
| Consecutivo | 0060 |
| 245 00 - MENCION DE TITULO | |
| Título | Lagunas de Fúquene, Cucunubá y Palacio: |
| Parte restante del título | Echémonos el agua |
| 260 ## - PUBLICACION, DISTRIBUCION, ETC. (PIE DE IMPRENTA) | |
| Lugar de publicación, distribución, etc. | Bogotá : |
| Nombre del editor, distribuidor, etc. | Instituto de Investigación de Recursos Biológicos Alexander von Humboldt : |
| -- | Fundación Humedales : |
| -- | Autoridad Ambiental CAR, |
| Fecha de publicación, distribución, etc. | 2004. |
| 300 ## - DESCRIPCION FISICA | |
| Extensión | 11 páginas : |
| Otros detalles físicos | ilustraciones y mapas ; |
| Dimensiones | 29 x 21 cm. |
| 490 0# - MENCION DE SERIE | |
| Mención de serie | Serie documentos divulgativos ; |
| Designación numérica/secuencial del volumen | 1 |
| 650 26 - ASIENTO SECUNDARIO DE MATERIA - TERMINO TEMATICO | |
| Término temático o nombre geográfico como elemento de entrada | Recursos naturales |
| Subdivisión geográfica | Fúquene (Laguna, Cundinamarca, Colombia) |
| 9 (RLIN) | 90449 |
| 650 26 - ASIENTO SECUNDARIO DE MATERIA - TERMINO TEMATICO | |
| Término temático o nombre geográfico como elemento de entrada | Recursos naturales |
| Subdivisión geográfica | Palacio (Laguna, Cundinamarca, Colombia) |
| 9 (RLIN) | 90450 |
| 650 26 - ASIENTO SECUNDARIO DE MATERIA - TERMINO TEMATICO | |
| Término temático o nombre geográfico como elemento de entrada | Recursos naturales |
| Subdivisión geográfica | Cucunubá (Laguna, Cundinamarca, Colombia) |
| 9 (RLIN) | 90451 |
| 650 26 - ASIENTO SECUNDARIO DE MATERIA - TERMINO TEMATICO | |
| Término temático o nombre geográfico como elemento de entrada | Conservación de la naturaleza |
| Subdivisión geográfica | Fúquene (Laguna, Cundinamarca, Colombia) |
| 9 (RLIN) | 90452 |
| 650 26 - ASIENTO SECUNDARIO DE MATERIA - TERMINO TEMATICO | |
| Término temático o nombre geográfico como elemento de entrada | Conservación de la naturaleza |
| Subdivisión geográfica | Palacio (Laguna, Cundinamarca, Colombia) |
| 9 (RLIN) | 90453 |
| 650 26 - ASIENTO SECUNDARIO DE MATERIA - TERMINO TEMATICO | |
| Término temático o nombre geográfico como elemento de entrada | Conservación de la naturaleza |
| Subdivisión geográfica | Cucunubá (Laguna, Cundinamarca, Colombia) |
| 9 (RLIN) | 90454 |
| 942 ## - ELEMENTOS ADICIONALES (KOHA) | |
| Sistema de clasificación | Local |
| Tipo de ítem | Folleto |
| Withdrawn status | Lost status | Sistema de Clasificación | Damaged status | No para préstamo | Colección | Ubicación Permanente | Ubicación actual | Fecha de adquisición | Total Checkouts | Número topográfico | Inventario / Código de Barras | Date last seen | Date checked out | Ejemplar | Price effective from | Forma de adquisición | Tipo de material |
|---|---|---|---|---|---|---|---|---|---|---|---|---|---|---|---|---|---|
| Local | Audiovisual | Bogotá | Bogotá | 17/12/2013 | 1 | LB-05873 | 058508 | 30/09/2015 | 30/09/2015 | Ej. 1 | 17/12/2013 | CD-ROM | |||||
| Local | Hemeroteca | Bogotá | Bogotá | 13/09/2016 | FG-0075 | 040670 | 13/09/2016 | Ej. 1 | 13/09/2016 | Institucional | Folleto | ||||||
| Local | Hemeroteca | Bogotá | Bogotá | 12/03/2018 | FH-0075 | 043194 | 12/03/2018 | Ej. 2 | 12/03/2018 | Institucional | Folleto |